Structural chemistry of silicates : (Record no. 1910)
[ view plain ]
| 000 -LEADER | |
|---|---|
| fixed length control field | 00420pam a2200133 a 4500 |
| 020 ## - ISBN | |
| International Standard Book Number | 0387137475 (U.S.) |
| 050 00 - LIBRARY OF CONGRESS CALL NUMBER | |
| Classification Number | QD191 |
| Item Number | .S6 L54 |
| 100 1# - MAIN ENTRY--Author | |
| Personal name | Liebau, Friedrich, |
| Dates associated with a name | 1926- |
| 245 10 - TITLE | |
| Title | Structural chemistry of silicates : |
| Remainder of title | structure, bonding, and classification / |
| Statement of responsibility, etc | Friedrich Liebau. |
| 260 ## - PUBLICATION, DISTRIBUTION, ETC.(IMPRINT) | |
| Place of publication, distribution, etc | Berlin ; |
| -- | New York : |
| Name of publisher, distributor, etc | Springer-Verlag, |
| Date of publication, distribution, etc | c1985. |
| 300 ## - PHYSICAL DESCRIPTION | |
| Extent | xii, 347 p. : |
| 500 ## - GENERALNOTE | |
| General note | Includes indexes. |
| 942 ## - ADDED ENTRY ELEMENTS(KOHA) | |
| Koha item type | General circulation |
| Source of classification or shelving scheme | Not for loan | Location (home branch) | Sublocation (holding branch) | Date accessioned | Cost, normal purchase price | Full call number | Barcode | Cost, replacement price | Koha item type | Public note |
|---|---|---|---|---|---|---|---|---|---|---|
| Library of Congress Classification | Main Campus Library | Main Campus Library | 26/08/2014 | 1320.00 | QD191 .S6 L54 | 2019/021980 | 1820.00 | General circulation | kim |